Verejná správa v Španielsku

Verejná správa v Španielsku - časť správy zo študijnej stáže v Národnom inštitúte verejnej správy (INAP) v Madride v Španielsku v období 14.máj - 11.jún 1993.

Gespeichert in:
Bibliographische Detailangaben
Format: Buchkapitel
Sprache:Slowakisch
Schlagworte:
Tags: Tag hinzufügen
Keine Tags, Fügen Sie das erste Tag hinzu!

MARC

LEADER 00000naa a2200000 4500
001 r015984
005 20221213123700.5
041 0 |a slo 
044 |a SK 
245 1 0 |a Verejná správa v Španielsku 
520 |a Verejná správa v Španielsku - časť správy zo študijnej stáže v Národnom inštitúte verejnej správy (INAP) v Madride v Španielsku v období 14.máj - 11.jún 1993. 
610 2 0 |a správa verejná 
610 2 0 |a správa štátna 
610 2 0 |a stáže študijné 
610 2 0 |a Španielsko